Malayala Novalukalile Charithranirmithi : (Record no. 75532)

MARC details
000 -LEADER
fixed length control field 01134nam a22002897a 4500
003 - CONTROL NUMBER IDENTIFIER
control field OSt
005 - DATE AND TIME OF LATEST TRANSACTION
control field 20220209142619.0
008 - FIXED-LENGTH DATA ELEMENTS--GENERAL INFORMATION
fixed length control field 220117b |||||||| |||| 00| 0 eng d
020 ## - INTERNATIONAL STANDARD BOOK NUMBER
Collection Number T227
040 ## - CATALOGING SOURCE
Transcribing agency STCP
041 ## - LANGUAGE CODE
Language code of text/sound track or separate title Malayalam
082 ## - DEWEY DECIMAL CLASSIFICATION NUMBER
Classification number 894.812
Item number SRE-M
100 ## - MAIN ENTRY--PERSONAL NAME
Personal name Sreekutty Thankappan
110 ## - GUIDE
Theses guided by Guided by Thomas Scaria
111 ## - REARCH CENTRE
University and Center Mahatma Gandhi University Kottayam, Post Graduate and Research Department of Malayalam, St Thomas Colleage Palai
245 ## - TITLE STATEMENT
Title Malayala Novalukalile Charithranirmithi :
Remainder of title Anand, T.P. Rajeevan ennivarude novalukale munirthiyulla anweshanam /
Statement of responsibility, etc. By Sreekutty Thankappan
Title in other language മലയാള നോവലുകളിലെ ചരിത്രനിർമിതി : ആനന്ദ്, ടി.പി. രാജീവൻ എന്നിവരുടെ നോവലുകളെ മുൻനിർത്തിയുള്ള അന്വേഷണം
260 ## - PUBLICATION, DISTRIBUTION, ETC.
Place of publication, distribution, etc. Pala :
Date of publication, distribution, etc. September 2019
300 ## - PHYSICAL DESCRIPTION
Extent 252 p.
Other physical details Hard Back
650 ## - SUBJECT ADDED ENTRY--TOPICAL TERM
Topical term Malayalam
942 ## - ADDED ENTRY ELEMENTS (KOHA)
Koha item type Theses
942 ## - ADDED ENTRY ELEMENTS (KOHA)
Source of classification or shelving scheme Dewey Decimal Classification
Suppress in OPAC No
942 ## - ADDED ENTRY ELEMENTS (KOHA)
Suppress in OPAC No
Source of classification or shelving scheme Dewey Decimal Classification
942 ## - ADDED ENTRY ELEMENTS (KOHA)
Source of classification or shelving scheme Dewey Decimal Classification
Suppress in OPAC No
942 ## - ADDED ENTRY ELEMENTS (KOHA)
Source of classification or shelving scheme Dewey Decimal Classification
Suppress in OPAC No
942 ## - ADDED ENTRY ELEMENTS (KOHA)
Source of classification or shelving scheme Dewey Decimal Classification
Suppress in OPAC No
942 ## - ADDED ENTRY ELEMENTS (KOHA)
Source of classification or shelving scheme Dewey Decimal Classification
Suppress in OPAC No
Holdings
Withdrawn status Lost status Source of classification or shelving scheme Damaged status Not for loan Collection code Home library Current library Shelving location Date acquired Total Checkouts Full call number Barcode Date last seen Price effective from Koha item type
    Dewey Decimal Classification     Malayalam ST. THOMAS COLLEGE LIBRARY, PALAI ST. THOMAS COLLEGE LIBRARY, PALAI Theses 2022-01-17   894.812 SRE-M T227 2022-01-17 2022-01-17 Theses
Rights reserved ©2021 ST. THOMAS COLLEGE LIBRARY
A joint venture of - St. Thomas College Library and
Department of Computer Science, St. Thomas Collge Palai